000
00337nam a22001457a 4500
008
210519b ||||| |||| 00| 0 eng d
020
_a
0393063933
041
_a
eng
080
_a
573
082
_a
573
100
_a
11
101
_a
BIO
245
_a
An Introduction Ecology & Population Biology
_c
Thomas C. Emmel
942
_2
udc
_c
BK
999
_c
57492
_d
57492